000 02144nam0a2200325 i 4500
001 RU\NLR\BIBL_A\010472771
005 20260406010556.0
010 _a9785939326407
_9100
021 _aRU
_b2014-54942
_93319
035 _a(NILC)RuMoRGB-007524648
035 _a(NLR Aleph) 010472771
090 _a10028328
_c10028328
100 _a20141006d2013 um y0rusy50 ca
101 0 _arus
102 _aRU
105 _ay|||j||||00yy
200 1 _aТеория менеджмента (история управленческой мысли, теория организации, организационное поведение)
_eучебное пособие для студентов высших учебных заведений, обучающихся по направлению 080200.62 "Менеджмент" (квалификация (степень) "бакалавр"
_fС.А. Измалкова, Е.Е. Кононова, О.В. Магомедалиева [и др.]
_gМ-во образования и науки Российской Федерации
_gФедеральное гос. бюджетное образовательное учреждение высш. проф. образования "Гос. ун-т - учебно-научно-производственный комплекс"
210 _aОрел
_cФГБОУ ВПО "Госуниверситет - УНПК"
_d2013
215 _a495 с.
_d21
320 _aБиблиогр.: с. 490-493 (44 назв.)
606 1 _aМенеджмент
_jУчебные издания для высших учебных заведений
_xТеория
_92110030
_3RU\NLR\AUTH\661275287
686 1 _aУ21(0)0я73
701 1 _8rus
_7ca
_aИзмалкова
_bС. А.
_gСветлана Александровна
_3RU\NLR\AUTH\77116035
_998960
701 1 _aКононова
_bЕ. Е.
_gЕлена Евгеньевна
701 1 _aМагомедалиева
_bО. В.
_cканд. экон. наук
_gОльга Вячеславовна
_9197020
_3RU\NLR\AUTH\770197071
801 0 _aRU
_bРГБ
_c20140724
_gRCR
942 _cBOOK
980 _aNBR